|
|
|
|
| LEADER |
00000cam a22000004a 4500 |
| 001 |
musev2_25263 |
| 003 |
MdBmJHUP |
| 005 |
20230905042705.0 |
| 006 |
m o d |
| 007 |
cr||||||||nn|n |
| 008 |
100326s1988 ncu o 00 0 eng d |
| 020 |
|
|
|a 9780944318614
|
| 020 |
|
|
|z 0944318002
|
| 035 |
|
|
|a (OCoLC)579589723
|
| 040 |
|
|
|a MdBmJHUP
|c MdBmJHUP
|
| 100 |
1 |
|
|a Gray, John,
|d 1866-1934.
|
| 240 |
1 |
0 |
|a Poems
|
| 245 |
1 |
4 |
|a The Poetry of John Gray /
|c edited by Ian Fletcher.
|
| 264 |
|
1 |
|a Greensboro, NC :
|b ELT Press, Dept. of English, University of North Carolina,
|c 1988.
|
| 264 |
|
3 |
|a Baltimore, Md. :
|b Project MUSE,
|c 2014
|
| 264 |
|
4 |
|c ©1988.
|
| 300 |
|
|
|a 1 online resource (360 pages).
|
| 336 |
|
|
|a text
|b txt
|2 rdacontent
|
| 337 |
|
|
|a computer
|b c
|2 rdamedia
|
| 338 |
|
|
|a online resource
|b cr
|2 rdacarrier
|
| 490 |
0 |
|
|a 1880-1920 British authors series ;
|v no. 1
|
| 506 |
0 |
|
|a Open Access
|f Unrestricted online access
|2 star
|
| 588 |
|
|
|a Description based on print version record.
|
| 600 |
1 |
7 |
|a Gray, John,
|d 1866-1934.
|2 fast
|0 (OCoLC)fst00010761
|
| 600 |
1 |
0 |
|a Gray, John,
|d 1866-1934.
|
| 655 |
|
7 |
|a Electronic books.
|2 local
|
| 700 |
1 |
|
|a Fletcher, Ian,
|d 1920-1988.
|
| 710 |
2 |
|
|a Project Muse.
|e distributor
|
| 830 |
|
0 |
|a Book collections on Project MUSE.
|
| 856 |
4 |
0 |
|z Texto completo
|u https://projectmuse.uam.elogim.com/book/25263/
|
| 945 |
|
|
|a Project MUSE - Archive Complete Supplement II
|
| 945 |
|
|
|a Project MUSE - Archive Literature Supplement II
|